000 00654nam a2200217Ia 4500
005 20250508164120.0
008 008 250505s9999 xx 000 0 eng d
020 _a0-415-93036-7
037 _aReference
040 _aFEDL
_beng
_cFEDL
041 _aeng
_2eng
084 _a370.9, BEA/RR
_qFEDL
100 _aBeauchamp Edward R Ed.
_9643486
245 0 _aComparative education reader
260 _aNew York, USA
_bRoutledge Falmer
_c2003
300 _axii,452p
365 _aGBP
_b19.99
650 _aComparative education; Education - Cross-cultural studies
_9777375
942 _cREF
_h370.9, BEA/RR
999 _c1387124
_d1387124